| 000 | 00000nas 2200000za 4500 |
| 001 | 9.806989 |
| 003 | CaOODSP |
| 005 | 20221107140030 |
| 007 | cr ||||||||||| |
| 008 | 151203d20152019oncqr p o f0 b0fre|d |
| 040 | |aCaOODSP|bfre |
| 043 | |an-cn--- |
| 086 | 1 |aNH12-251F-PDF |
| 245 | 10|aActualités habitation - tableaux. |pRMR de Peterborough |h[ressource électronique]. |
| 260 | |a[Ottawa] : |bSociété canadienne d'hypothèques et de logement, |c2015-2019. |
| 310 | |aTrimestriel |
| 362 | 1 |aParaît depuis : quatrième trimestre de 2015; ne paraît plus : après premier trimestre 2019. |
| 500 | |aPubl. aussi en anglais sous le titre : Housing now tables. Peterborough CMA. |
| 500 | |aTitre de la couv. |
| 691 | 07|aLogement|2gcpds |
| 691 | 07|aMarché régional|2gcpds |
| 710 | 2 |aSociété canadienne d'hypothèques et de logement. |
| 775 | 08|tHousing now tables. |w(CaOODSP)9.806986 |
| 780 | 00|tActualités habitation. |w(CaOODSP)9.501637 |
| 986 | |a65577 |